Wie waren de presentatoren van Wie is de Mol? - Statistieken

Algemene statistieken
  • Deze quiz is 58 keer genomen
  • De gemiddelde score is 4 van 5
Antwoordstatistieken
Seizoenen Presentatoren % Correct
12 t/m 18 Art Rooijkakkers
95%
19 t/m heden Rik van de Westelaken
85%
1 t/m 5 Angela Groothuizen
80%
6 en 7 Karel van de Graaf
50%
8 t/m 11 Pieter Jan Hagens
40%
Geen overeenkomende quizzen gevonden
Scoreverdeling
Procent van Mensen met Elke Score
Percentiel versus Aantal Correcte Antwoorden
Uw Scoregeschiedenis
U heeft deze quiz nog niet genomen